000 00530cam a2200217ua 4500
001 9506
005 20260515114456.0
008 160203n ii |||gr||||Z||||||eng
020 _a8187125446
040 _cMAIN
041 _aeng
082 _a658.3
100 _aYuvaraj, S,
_eAuthor.
245 _aHuman resource development
_cby S Yuvaraj
250 _arep. ed.
260 _aDelhi:
_bVrinda publications,
_c2006.
300 _a300p.
653 _aGeneral management
653 _aHuman resource development
942 _cBK
999 _c8541
_d8541